00786nam a2200205 a 4500001001000000003000900010005001700019007000300036008004100039040002500080082000700105111010600112245006100218246004900279260007400328300002000402500003300422500004800455500007700503000047648DO-SdBNP20230221131415.0ta180709s2011 000 spa d aDO-SdBNPbspacBNPHU 42222 aFestival Internacional de la Poesía de Santo Domingon(3er. :d2011 : 19-23 octubrecSanto Domingo)00aIII Festival internacional de la poesía :bprograma /.00atercer festival internacional de la poesía aSanto Domingo,República Dominicana :bMinisterio de Cultura,c2011. a28 p. ;c24 cm. aDedicado a Manuel del Cabral a¡De este lado del mar la poesía florece!0 aIncluye notas bibliográficas de los poetas participantes participantes